Paul Pasteur, Être syndiqué(e) à l’ombre de la croix potencée. Corporatisme, syndicalisme, résistance en Autriche, 1934-1938, Rouen, Publications de l’Université de Rouen n° 321, 2002, 347 p. (coll. « Études autrichiennes », n° 11) (notice n° 1639999)
[ vue normale ]
| 000 -LEADER | |
|---|---|
| fixed length control field | 01364cam a2200157 4500500 |
| 005 - DATE AND TIME OF LATEST TRANSACTION | |
| control field | 20260201074949.0 |
| 041 ## - LANGUAGE CODE | |
| Language code of text/sound track or separate title | fre |
| 042 ## - AUTHENTICATION CODE | |
| Authentication code | dc |
| 100 10 - MAIN ENTRY--PERSONAL NAME | |
| Personal name | Weill, Claudie |
| Relator term | author |
| 245 00 - TITLE STATEMENT | |
| Title | Paul Pasteur, Être syndiqué(e) à l’ombre de la croix potencée. Corporatisme, syndicalisme, résistance en Autriche, 1934-1938, Rouen, Publications de l’Université de Rouen n° 321, 2002, 347 p. (coll. « Études autrichiennes », n° 11) |
| 260 ## - PUBLICATION, DISTRIBUTION, ETC. | |
| Date of publication, distribution, etc. | 2003.<br/> |
| 500 ## - GENERAL NOTE | |
| General note | 58 |
| 520 ## - SUMMARY, ETC. | |
| Summary, etc. | Immigration, Algerian Grandparents and Memory : Between Transmission and ForgettingInterviews with grandparents of Algerian origin living in France show the ambivalence regarding memory and its transmission to grandchildren. Such phenomena are important in the study of migrations. The way grandparents attempt transmission varies in accordance with their family positions and their social status in the host country. The process also differs according to whether the grandparents came after their retirement, or go back and forth between their country of origin and the host country, or if they have a special status, comme the « Harkis », for example. |
| 786 0# - DATA SOURCE ENTRY | |
| Note | L'Homme & la Société | 147 | 1 | 2003-08-30 | p. 213b-220b | 0018-4306 |
| 856 41 - ELECTRONIC LOCATION AND ACCESS | |
| Uniform Resource Identifier | <a href="https://shs.cairn.info/revue-l-homme-et-la-societe-2003-1-page-213b?lang=fr&redirect-ssocas=7080">https://shs.cairn.info/revue-l-homme-et-la-societe-2003-1-page-213b?lang=fr&redirect-ssocas=7080</a> |
Pas d'exemplaire disponible.




Réseaux sociaux